Cyclisme : Cyclistes Français en WT et ProTeam saison 2025 - Statistiques

Statistiques générales
  • Ce quiz a été pris 300 fois
    291 depuis la dernière actualisation
  • Le résultat moyen est 51 sur 126
Statistiques - réponses
Hint Réponse % Correct
Groupama - FDJ Guillaume MARTIN
94%
Team Picnic PostNL Romain BARDET
94%
Team Visma | Lease a Bike Christophe LAPORTE
93%
Bahrain - Victorious Lenny MARTINEZ
93%
Tudor Pro Cycling Julian ALAPHILIPPE
91%
Arkéa - B&B Hotels Kévin VAUQUELIN
90%
UAE Team Emirates - XRG Pavel SIVAKOV
88%
Groupama - FDJ David GAUDU
87%
Team Picnic PostNL Warren BARGUIL
84%
Team Visma | Lease a Bike Axel ZINGLE
82%
Lidl - Trek Julien BERNARD
81%
Decathlon AG2R La Mondiale Aurélien PARET-PEINTRE
80%
XDS Astana Team Clément CHAMPOUSSIN
80%
Soudal - Quick Step Valentin PARET-PEINTRE
80%
Arkéa - B&B Hotels Arnaud DÉMARE
78%
INEOS Grenadiers Axel LAURANCE
76%
Decathlon AG2R La Mondiale Paul SEIXAS
76%
Cofidis Bryan COQUARD
74%
Soudal - Quick Step Paul MAGNIER
74%
Groupama - FDJ Valentin MADOUAS
73%
EF Education - EasyPost Alex BAUDIN
71%
Groupama - FDJ Romain GRÉGOIRE
69%
TotalEnergies Anthony TURGIS
67%
Decathlon AG2R La Mondiale Bruno ARMIRAIL
65%
Decathlon AG2R La Mondiale Dorian GODON
63%
Arkéa - B&B Hotels Ewen COSTIOU
62%
Intermarché - Wanty Adrien PETIT
61%
Decathlon AG2R La Mondiale Benoît COSNEFROY
60%
Intermarché - Wanty Louis BARRÉ
59%
Decathlon AG2R La Mondiale Paul LAPEIRA
59%
TotalEnergies Pierre LATOUR
59%
Team Picnic PostNL Romain COMBAUD
59%
Decathlon AG2R La Mondiale Nicolas PRODHOMME
54%
TotalEnergies Jordan JEGAT
52%
Intermarché - Wanty Hugo PAGE
51%
Groupama - FDJ Paul PENHOËT
51%
Soudal - Quick Step Antoine HUBY
50%
Decathlon AG2R La Mondiale Victor LAFAY
50%
TotalEnergies Mathieu BURGAUDEAU
49%
Israel - Premier Tech Hugo HOFSTETTER
48%
Groupama - FDJ Olivier LE GAC
48%
Groupama - FDJ Quentin PACHER
48%
Groupama - FDJ Rémi CAVAGNA
48%
Cofidis Alexis RENARD
47%
Cofidis Benjamin THOMAS
47%
Wagner Bazin WB Henri-François RENARD HAQUIN
47%
Arkéa - B&B Hotels Florian SÉNÉCHAL
46%
TotalEnergies Mattéo VERCHER
46%
Decathlon AG2R La Mondiale Clément BERTHET
44%
Israel - Premier Tech Matis LOUVEL
44%
Groupama - FDJ Rudy MOLARD
43%
Arkéa - B&B Hotels Thibault GUERNALEC
43%
Arkéa - B&B Hotels Victor GUERNALEC
43%
Decathlon AG2R La Mondiale Bastien TRONCHON
40%
Groupama - FDJ Clément RUSSO
40%
TotalEnergies Emilien JEANNIÈRE
40%
Arkéa - B&B Hotels Clément VENTURINI
39%
Intermarché - Wanty Alexy FAURE PROST
38%
Decathlon AG2R La Mondiale Léo BISIAUX
37%
Decathlon AG2R La Mondiale Nans PETERS
37%
Cofidis Anthony PEREZ
35%
Tudor Pro Cycling Mathys RONDEL
35%
Decathlon AG2R La Mondiale Jordan LABROSSE
34%
Arkéa - B&B Hotels Mathis LE BERRE
34%
Groupama - FDJ Rémy ROCHAS
34%
Groupama - FDJ Cyril BARTHE
33%
Groupama - FDJ Eddy LE HUITOUZE
33%
TotalEnergies Thomas GACHIGNARD
33%
Arkéa - B&B Hotels Anthony DELAPLACE
32%
Decathlon AG2R La Mondiale Geoffrey BOUCHARD
32%
TotalEnergies Alexandre DELETTRE
31%
Lotto Baptiste VEISTROFFER
31%
TotalEnergies Geoffrey SOUPE
31%
TotalEnergies Sandy DUJARDIN
31%
Groupama - FDJ Brieuc ROLLAND
30%
Unibet Tietema Rockets Adrien MAIRE
29%
Groupama - FDJ Clément DAVY
29%
Cofidis Damien TOUZÉ
29%
Arkéa - B&B Hotels Élie GESBERT
28%
Decathlon AG2R La Mondiale Pierre GAUTHERAT
28%
TotalEnergies Alexys BRUNEL
26%
Groupama - FDJ Clément BRAZ AFONSO
26%
TotalEnergies Lorrenzo MANZIN
26%
Decathlon AG2R La Mondiale Noa ISIDORE
26%
Cofidis Valentin FERRON
25%
TotalEnergies Jason TESSON
24%
Groupama - FDJ Thibaud GRUEL
24%
Groupama - FDJ Enzo PALENI
23%
Cofidis Paul OURSELIN
23%
TotalEnergies Rayan BOULAHOITE
23%
Arkéa - B&B Hotels Pierre THIERRY
22%
TotalEnergies Fabien GRELLIER
21%
Groupama - FDJ Tom DONNENWIRTH
21%
Wagner Bazin WB Pierre BARBIER
20%
Arkéa - B&B Hotels Donavan GRONDIN
19%
TotalEnergies Fabien DOUBEY
19%
Cofidis Nolann MAHOUDO
19%
TotalEnergies Baptiste VADIC
18%
Burgos Burpellet BH Clément ALLENO
18%
Cofidis Clément IZQUIERDO
18%
Cofidis Hugo TOUMIRE
18%
Arkéa - B&B Hotels Louis ROULAND
18%
Euskaltel - Euskadi Paul HENNEQUIN
18%
Cofidis Eddy FINÉ
17%
Unibet Tietema Rockets Axel HUENS
16%
Cofidis Sam MAISONOBE
16%
Arkéa - B&B Hotels Simon GUGLIELMI
16%
TotalEnergies Valentin RETAILLEAU
16%
TotalEnergies Alan JOUSSEAUME
15%
TotalEnergies Joris DELBOVE
15%
Cofidis Nicolas DEBEAUMARCHE
15%
TotalEnergies Samuel LEROUX
15%
Arkéa - B&B Hotels Léandre LOZOUET
14%
TotalEnergies Florian DAUPHIN
13%
TotalEnergies Thomas BONNET
13%
Unibet Tietema Rockets Killian VERSCHUREN
12%
Unibet Tietema Rockets Baptiste HUYET
10%
Wagner Bazin WB Quentin BEZZA
10%
TotalEnergies Lucas BONIFACE
9%
TotalEnergies Nicola MARCEROU
9%
Wagner Bazin WB Victor PAPON
6%
Wagner Bazin WB Jocelyn BAGUELIN
5%
Team Novo Nordisk Lucas DAUGE
5%
Team Novo Nordisk Célestin WATELLE
3%
Team Novo Nordisk Anton MULLER
2%
Team Novo Nordisk Doriand PERCRULE
1%
Aucun quiz correspondant
Distribution des résultats
% des personnes avec chaque résultat
Percentile par nombre de réponses
Votre historique - résultats
Vous n’avez pas pris ce quiz depuis la dernière actualisation